Živá syntéza ruskej literatúry

Bibliographic Details
Main Author: Zambor, Ján, 1947- (Author)
Format: Article
Language:Slovak
ISSN:0231-6714
Subjects:

MARC

LEADER 00000nab a2200000 a 4500
001 vtls009298572
003 SK-MaSNL
005 20260304154412.0
008 250507c2008 xo |r|p|||||||000 b|slo
015 |a SNBRB2008/05  |2 snkbucl 
035 |a (uuid)83029c95-4684-4ec6-9f83-e22b2022249e 
035 |a urn:nbn:sk:snk-abc3vs 
035 |a (urnnbn)urn:nbn:sk:snk:ar-0002fz 
038 |a SNKBUCL 
040 |a SNKBUCL  |b slo  |c SNKBUCL  |e AACR2 
041 0 |a slo 
044 |a xo  |c SK 
080 |a 82:929:821.161.1  |x (031)  |x (048)  |2 2001 
080 |a 821.161.1:929  |x (031)  |x (048)  |2 2001 
080 |a 82:03  |x (048)  |2 2001 
100 1 |a Zambor, Ján,  |d 1947-  |4 aut  |9 106743 
245 1 0 |a Živá syntéza ruskej literatúry  |c Ján Zambor 
648 7 |a 11.-20. stor.  |2 snkbucl  |9 334719 
650 0 7 |a ruská literatúra  |x osobnosti  |2 snkbucl  |9 1478526 
650 0 7 |a ruskí spisovatelia  |2 snkbucl  |9 3768 
655 7 |a recenzie  |2 snkbucl  |9 21907 
773 0 |t Romboid  |g Roč. XLIII, č. 4 (2008), s. 79-80  |x 0231-6714 
787 0 8 |i Rec.:  |a Kovačičová, Oľga, 1943-  |t Slovník ruskej literatúry 11.-20. storočia  |d Bratislava : Veda ; Ústav svetovej literatúry SAV ; Filozofická fakulta Univerzity Komenského, 2007  |z 9788022409674 
850 |a Slovenská národná knižnica 
852 |a Slovenská národná knižnica 
958 |a article15 
958 |a OND 
958 |a LX 
958 |a RU 
958 |a RC 
958 |a EUIPO 
999 |c 2957513  |d 2959443